Kluby które wygrały ligę mistrzów - Statystyki

Ogólne statystyki
  • Ten quiz został rozwiązany 107 razy
  • Średni wynik to 49 z 68
Statystyki odpowiedzi
Rok Klub % Poprawnych
2022 Real Madryt
100%
2018 Real Madryt
100%
2017 Real Madryt
100%
2016 Real Madryt
100%
2014 Real Madryt
100%
2002 Real Madryt
100%
2000 Real Madryt
100%
1998 Real Madryt
100%
1966 Real Madryt
100%
1960 Real Madryt
100%
1959 Real Madryt
100%
1958 Real Madryt
100%
1957 Real Madryt
100%
1956 Real Madryt
100%
2015 FC Barcelona
99%
2011 FC barcelona
99%
2009 FC Barcelona
99%
2006 FC Barcelona
99%
2023 Manchester City
95%
2008 Manchester United
93%
1999 Manchester United
93%
2019 LIverpool
91%
2005 Liverpool
91%
1984 Liverpool
91%
1981 Liverpool
91%
1978 Liverpool
91%
1977 Liverpool
91%
1968 Manchester United
89%
2020 Bayern Monachium
88%
2013 Bayern Monachium
88%
2001 Bayern Monachium
88%
1976 Bayern Monachium
88%
1975 Bayern Monachium
88%
1974 Bayern Monachium
88%
2021 Chelse
88%
2012 Chelse
88%
2007 AC Milan
84%
2003 AC Milan
84%
2010 Inter Mediolan
76%
1965 Inter Mediolan
76%
1964 Inter Mediolan
76%
1996 Juventus
75%
1985 Juventus
75%
2004 Porto
63%
1987 Porto
63%
1995 Ajax Amsterdam
59%
1973 Ajax Amsterdam
59%
1972 Ajax Amsterdam
59%
1971 Ajax Amsterdam
59%
1994 AC Milan
50%
1990 AC Milan
50%
1989 AC Milan
50%
1969 AC Milan
50%
1963 AC Milan
50%
1980 Nottingham Forest
37%
1979 Nottingham Forest
37%
1997 Borusia Dortmund
34%
1986 Steaua Bukareszt
32%
1988 PSV
30%
1992 FC Barcelona
24%
1982 Aston Villa
22%
1967 Celtic
18%
1991 Crvena Zvezda Belgrad
18%
1993 Olympique Marsylia
18%
1983 Hamburger SV
16%
1970 Feyenoord
14%
1962 Benfica FC
3%
1961 Benfica FC
3%
Nie znaleziono quizów pasujących do podanych kryteriów
Rozkład punktacji
Procent ludzi z każdym wynikiem
Percentyl według liczby udzielonych odpowiedzi
Twoja historia wyników
Nie rozwiązałeś tego quizu